000 00363nam a22001577a 4500
003 SGT
020 _a9788195409723
082 _a174.957
_bT23D
100 _aD'Souza, Russell Franco
245 _aTextbook of Bioethics, Medical ethics and Health Law
250 _a1st
260 _bParas
_c2023
300 _a818
650 _aMedical Ethics
942 _2ddc
_cBK
999 _c26817
_d26817